<?xml version="1.0" encoding="UTF-8"?><?xml-stylesheet type="text/xsl" href="static/style.xsl"?><OAI-PMH xmlns="http://www.openarchives.org/OAI/2.0/" xmlns:xsi="http://www.w3.org/2001/XMLSchema-instance" xsi:schemaLocation="http://www.openarchives.org/OAI/2.0/ http://www.openarchives.org/OAI/2.0/OAI-PMH.xsd"><responseDate>2026-04-17T14:38:30Z</responseDate><request verb="GetRecord" identifier="oai:www.recercat.cat:2072/475124" metadataPrefix="marc">https://recercat.cat/oai/request</request><GetRecord><record><header><identifier>oai:recercat.cat:2072/475124</identifier><datestamp>2025-05-08T15:26:45Z</datestamp><setSpec>com_2072_98</setSpec><setSpec>col_2072_378192</setSpec></header><metadata><record xmlns="http://www.loc.gov/MARC21/slim" xmlns:dcterms="http://purl.org/dc/terms/" xmlns:xsi="http://www.w3.org/2001/XMLSchema-instance" xmlns:doc="http://www.lyncode.com/xoai" xsi:schemaLocation="http://www.loc.gov/MARC21/slim http://www.loc.gov/standards/marcxml/schema/MARC21slim.xsd">
   <leader>00925njm 22002777a 4500</leader>
   <datafield ind2=" " ind1=" " tag="042">
      <subfield code="a">dc</subfield>
   </datafield>
   <datafield ind2=" " ind1=" " tag="720">
      <subfield code="a">Catanzaro, Michele</subfield>
      <subfield code="e">author</subfield>
   </datafield>
   <datafield ind2=" " ind1=" " tag="260">
      <subfield code="c">2022</subfield>
   </datafield>
   <datafield ind2=" " ind1=" " tag="520">
      <subfield code="a">Entre el 20% i el 40% de vuit ciutats del món es podrien organitzar en superilles a l'estil de Barcelona, segons un estudi suís. El treball forma part d'una incipient ciència de les superilles. L'urbanisme de Barcelona torna a tenir la influència que va aconseguir amb els Jocs Olímpics.</subfield>
   </datafield>
   <datafield ind2=" " ind1=" " tag="520">
      <subfield code="a">Entre el 20% y el 40% de ocho ciudades del mundo se podría organizar en supermanzanas al estilo de Barcelona, según un estudio suizo. El trabajo forma parte de una incipiente ciencia de las 'superilles'. El urbanismo de Barcelona vuelve a tener la influencia que alcanzó con las Olimpiadas.</subfield>
   </datafield>
   <datafield ind2="0" ind1="0" tag="245">
      <subfield code="a">¿Es poden exportar les superilles de Barcelona?</subfield>
   </datafield>
</record></metadata></record></GetRecord></OAI-PMH>